America-Dutch colonies collection, (Record no. 43850)

MARC details
000 -LEADER
fixed length control field 00811cpcaa2200241 4500
001 - CONTROL NUMBER
control field mm 83001136
003 - CONTROL NUMBER IDENTIFIER
control field DLC
005 - DATE AND TIME OF LATEST TRANSACTION
control field 20260227111718.0
008 - FIXED-LENGTH DATA ELEMENTS--GENERAL INFORMATION
fixed length control field 830304|||||||||||| dut
010 ## - LIBRARY OF CONGRESS CONTROL NUMBER
LC control number mm 83001136
040 ## - CATALOGING SOURCE
Original cataloging agency DLC
Transcribing agency DLC
Description conventions dacs
Modifying agency DLC
041 ## - LANGUAGE CODE
Language code of text/sound track or separate title dut
-- fre
072 #7 - SUBJECT CATEGORY CODE
Subject category code C
Source lcmd
245 00 - TITLE STATEMENT
Title America-Dutch colonies collection,
Inclusive dates 1647-1664.
300 ## - PHYSICAL DESCRIPTION
Extent 74
Type of unit items.
506 0# - RESTRICTIONS ON ACCESS NOTE
Terms governing access Open to research.
533 ## - REPRODUCTION NOTE
Type of reproduction In part, handwritten transcripts.
Place of reproduction [S.l.].
546 ## - LANGUAGE NOTE
Language note Collection material in Dutch, with French.
580 ## - LINKING ENTRY COMPLEXITY NOTE
Linking entry complexity note Forms part of: Miscellaneous Manuscripts collection.
651 #0 - SUBJECT ADDED ENTRY--GEOGRAPHIC NAME
Geographic name Netherlands
General subdivision Colonies
Geographic subdivision America.

No items available.

Powered by Koha